Tri thức dân gian về cúng chữa bệnh cho phụ nữ và trẻ em của người Dao Tuyển ở Lào Cai
Sơ lược các đặc điểm về dân số, kinh tế xã hội, trang phục, lễ hội , tôn giáo tín ngưỡng của người Dao Tuyển và các tri thức dân gian về cúng chưa bệnh cho phụ nữ và trẻ em về cúng bà Mụ, cúng giải hạn, cúng chữa trị mụn nhọt, ốm đa...
Đã lưu trong:
| 主要作者: | |
|---|---|
| 格式: | 圖書 |
| 語言: | Undetermined |
| 出版: |
Hà Nội
Văn hóa Thông tin
2014
|
| 主題: | |
| 標簽: |
添加標簽
沒有標簽, 成為第一個標記此記錄!
|
| Thư viện lưu trữ: | Trung tâm Học liệu Trường Đại học Cần Thơ |
|---|
| LEADER | 01177nam a2200205Ia 4500 | ||
|---|---|---|---|
| 001 | CTU_209749 | ||
| 008 | 210402s9999 xx 000 0 und d | ||
| 082 | |a 390.09597 | ||
| 082 | |b T500 | ||
| 100 | |a Nguyễn, Thị Minh Tú | ||
| 245 | 0 | |a Tri thức dân gian về cúng chữa bệnh cho phụ nữ và trẻ em của người Dao Tuyển ở Lào Cai | |
| 245 | 0 | |c Nguyễn Thị Minh Tú, Triệu Văn Quẩy | |
| 260 | |a Hà Nội | ||
| 260 | |b Văn hóa Thông tin | ||
| 260 | |c 2014 | ||
| 520 | |a Sơ lược các đặc điểm về dân số, kinh tế xã hội, trang phục, lễ hội , tôn giáo tín ngưỡng của người Dao Tuyển và các tri thức dân gian về cúng chưa bệnh cho phụ nữ và trẻ em về cúng bà Mụ, cúng giải hạn, cúng chữa trị mụn nhọt, ốm đau, cúng cầu phúc, cầu lộc cho trẻ em | ||
| 650 | |a Manners and customs,Phong tục tập quán | ||
| 650 | |z Vietnam,Việt Nam | ||
| 904 | |i Trần Thị Yến Nhi,Hải | ||
| 980 | |a Trung tâm Học liệu Trường Đại học Cần Thơ | ||